000 00373nam a2200169Ia 4500
008 221030s9999 xx 000 0 und d
020 _a8181473248
041 _aEnglish
082 _a105.23
_bSha
100 _aD. Shasha
245 0 _aDatabase Tunning
260 _bMorgan Kaufman
_aUSA
_c2003
300 _a415
650 _aCOMPUTERS
700 _aP. Bonnet
942 _cBK
999 _c88
_d88